Picasso's Names - Statistics

General Stats
  • This quiz has been taken 91 times
  • The average score is 4 of 12
Answer Stats
Answer % Correct
Pablo
97%
y Picasso
62%
Juan
45%
Diego
37%
José
37%
Francisco
32%
Trinidad Ruiz
30%
Nepomuceno
18%
de Paula
16%
Cipriano de la Santísima
15%
María de los Remedios
11%
Crispín
1%
No matching quizzes found
Score Distribution
Percent of People with Each Score
Percentile by Number Answered
Your Score History
You have not taken this quiz